| 000 | 00408nam a22001697a 4500 | ||
|---|---|---|---|
| 005 | 20180319122109.0 | ||
| 008 | 160525b xxu||||| |||| 00| 0 eng d | ||
| 020 | _a0-07-053235-4 | ||
| 041 | _aeng | ||
| 082 |
_b4898 _a336.54 |
||
| 100 |
_aKhan, M.Y. _94207 |
||
| 245 | _aIndian Financial System | ||
| 260 |
_aNew Delhi _bAcademic Faundation |
||
| 300 | _a18.68 | ||
| 650 |
_aManagement _9241 |
||
| 942 | _cBK | ||
| 999 |
_c1709 _d1708 |
||